000
00268nam a2200109Ia 4500
008
200302s9999 xx 000 0 und d
100
_a
Kumara Swamy
245
_a
Building Planning and Drawing
260
_b
Charotar Publishing House
260
_c
1998
300
_a
330 P.,
999
_c
1866
_d
1866